| 000 | 00718nam0a22002291 4500 | ||
|---|---|---|---|
| 001 | rc\2974206 | ||
| 005 | 20250530001742.0 | ||
| 035 | _a(NLR Aleph) 007120004 | ||
| 090 |
_a6853239 _c6853239 |
||
| 100 | _a20090512d1937 |||y0rusy50 ca | ||
| 101 | 0 | _arus | |
| 102 | _aRU | ||
| 105 | _aa z ||||y | ||
| 200 | 1 | _aКак бороться с малярией | |
| 210 |
_aИркутск _cВост.-Сиб. обл. изд-во _d1937 _gтип. треста "Полиграфкнига" |
||
| 215 |
_a48 с. _cил. _d14 см |
||
| 700 | 1 |
_aМочалин _bН.З. _f1896- _gНиколай Захарьевич |
|
| 801 | 0 |
_aRU _bNLR _gpsbo |
|
| 801 | 1 |
_aRU _bELAR _2rusmarc |
|
| 852 |
_aNLR _j37-8/2510 |
||
| 942 | _cBOOK | ||
| 980 | _aNB | ||